| 000 | 00641nam a22002057a 4500 | ||
|---|---|---|---|
| 003 | OSt | ||
| 005 | 20260202085624.0 | ||
| 008 | 260202b |||||||| |||| 00| 0 eng d | ||
| 020 | _a978--0-07-110193-6. | ||
| 040 |
_aDWC-Main lib _cOC |
||
| 082 |
_23rd edition _aGR. 512 B226e 2008 |
||
| 100 | _aBaratto, Stefan | ||
| 245 |
_aElementary and intermediate algebra : _ba unified approach _cStefan Baratto |
||
| 260 |
_aN. Y. : _bMcGraw-Hill, _cc2008. |
||
| 300 |
_aXXVI, various paging : _bcolored illustration ; _c27 cm. |
||
| 504 | _aIncludes index. | ||
| 650 | _a1. Algebra. | ||
| 700 | _aBergman, Barry | ||
| 942 |
_2ddc _cGR _e3rd ed. _kGR. _n0 |
||
| 999 |
_c8144 _d8144 |
||